00404 2200157 4500001002100000005001500021035002000036245005600056100002000112300002700132260003100159082000800190084001400198020002200212990001200234INLIS00000000000266720250903092955 a0010-09250000141 aMikrobiologi :bMengenal Bakteri /cHebert Adrianto0 aHebert Adrianto a58 hlm ;c14,5 x 21 cm aJakarta :bErlangga,c2022 a574 a574 HEB m a978-623-266-671-9 a0755355